Country by Vice News Video (Do Not Need To Have Seen Them) - Statistics

General Stats
  • This quiz has been taken 21 times
  • The average score is 7 of 20
Answer Stats
Video Country % Correct
The Islamic State Iraq / Syria
88%
Suicide Forest in _____ Japan
59%
***** Fashion Week - K-Pop to Double Eyelid Surgery South Korea
59%
Contra A Copa: The Other Side of ______'s World Cup Brazil
53%
The War Against Boko Haram Nigeria
53%
Schoolgirls For Sale in _____ Japan
47%
_____ _____n Labor Camps North Korea
41%
******* Oil and Drug Cartels: Cocaine & Crude Mexico
35%
Storming _____'s Razor-Wire Fence: Europe or Die (Episode 1 / 4) Spain
35%
Racist Sororities at the University of ******* United States
35%
Riots, Unrest, and the Umbrella Movement: ____ ____ Rising China (Hong Kong)
29%
Monkey Meat and the Ebola Outbreak in _______ Liberia
29%
Islamist Militants on ______'s Doorstep: The War Next Door Israel
24%
____: The New King of Cocaine Peru
24%
The Ship Breakers of __________ Bangladesh
18%
Internet Scamming in _____ Ghana
18%
Young and Gay: ______'s Gully Queens Jamaica
18%
_____'s Quiet War: The Tuareg of the South Libya
12%
Death in a Can: _________'s Euthanasia Loophole Australia
6%
_______'s Child Laborers Bolivia
6%
No matching quizzes found
Score Distribution
Percent of People with Each Score
Percentile by Number Answered
Your Score History
You have not taken this quiz